|
|
|
|
| LEADER |
00000nab a2200000 a 4500 |
| 001 |
vtls010114825 |
| 003 |
SK-MaSNL |
| 005 |
20260303080955.0 |
| 008 |
140228|2008 xo |||||||||||||| ||slo |
| 015 |
|
|
|a SNBRA2010/07
|2 snkbucl
|
| 038 |
|
|
|a SNKBUCL
|
| 040 |
|
|
|a SNKBUCL
|b slo
|e AACR2
|c SNKBUCL
|
| 041 |
0 |
|
|a slo
|
| 044 |
|
|
|a xo
|c SK
|
| 080 |
|
|
|a 069-051
|2 2001
|
| 080 |
|
|
|a 622-051
|2 2001
|
| 080 |
|
|
|a 012
|2 2001
|
| 080 |
|
|
|a 929 Magula, Rudolf
|2 2001
|
| 100 |
1 |
|
|a Lacko, Miroslav,
|d 1988-
|4 aut
|9 109761
|
| 245 |
1 |
0 |
|a Výberová personálna bibliografia Ing. Rudolfa Magulu, CSc.
|c Miroslav Lacko
|
| 504 |
|
|
|a Bibliogr. odkazy
|
| 600 |
1 |
7 |
|a Magula, Rudolf,
|d 1932-
|2 snkbucl
|
| 655 |
|
7 |
|a personálne bibliografie
|2 snkbucl
|9 70198
|
| 773 |
0 |
|
|t Montánna história 1
|d Limbach : Sofias, 2008
|g S. 250-257
|z 9788097009908
|
| 852 |
|
|
|a SNK
|b KIS3GCP
|
| 958 |
|
|
|a NB
|
| 958 |
|
|
|a BX
|
| 999 |
|
|
|c 1782713
|d 1784643
|